000 01939nam0a2200373 4500
001 RU\NLR\bibl\946959
005 20260406150340.0
010 _a5-7691-1621-8
_9300
021 _aRU
_b2006-21789
_91088
035 _a(NLR Aleph) 000935091
090 _a184294
_c184294
100 _a20060511d2006 |||y0rusy50 ca
101 0 _arus
102 _aRU
105 _aac |||||||||
200 1 _aЭкология человека в изменяющемся мире
_f[акад. РАМН Н.А. Агаджанян, д.ф.-м.н. С.И. Александров, к.ф.-м.н. О.И. Аптикаева и др.]
_gпод общ. ред. акад. РАН и РАМН В.А. Черешнева
_gРос. акад. наук, Ин-т иммунологии и физиологии УрО РАН, Ин-т экол. проблем Севера АНЦ УрО РАН, Ин-т земной коры СО РАН [и др.]
210 _aЕкатеринбург
_cУрО РАН
_d2006
215 _a569, [1] с.
_cил., цв. ил., портр.
_d25
320 _aБиблиогр.: с. 532-550
606 1 _aЧеловек
_xЭкология
_91827130
_3RU\NLR\auth\661118058
606 1 _aЗдоровье
_xВлияние экологических факторов
_91188779
_3RU\NLR\auth\66479469
606 1 _aЛичность и экология
_92064913
_3RU\NLR\auth\661239425
686 _aЕ7,0
686 _aР121.1
686 _aС550.03
701 1 _4070
_7ca
_8rus
_aАгаджанян
_bН. А.
_f1928-2014
_gНиколай Александрович
_3RU\NLR\auth\7759527
_942458
701 1 _aАлександров
_bС. И.
_4070
701 1 _aАптикаева
_bО. И.
_4070
712 0 2 _4570
_aИнститут иммунологии и физиологии
_cЕкатеринбург
_3RU\NLR\AUTH\889925790
_9347390
801 0 _aRU
_bNLR
_c20060511
_grcr
801 1 _aRU
_bNLR
_c20060511
942 _cBOOK
980 _aNB